<?xml version="1.0" encoding="UTF-8"?>
<marc:record xmlns:marc="http://www.loc.gov/MARC21/slim">
   <marc:leader>00000nam a2200000 a 4500</marc:leader>
   <marc:datafield ind1="1" ind2=" " tag="100">
      <marc:subfield code="a">Krehl, Yann</marc:subfield>
      <marc:subfield code="4">aut</marc:subfield>
      <marc:subfield code="e">Verfasser/-in</marc:subfield>
   </marc:datafield>
   <marc:datafield ind1=" " ind2=" " tag="653">
      <marc:subfield code="a">Markus-Heitz-Fans</marc:subfield>
   </marc:datafield>
   <marc:datafield ind1=" " ind2=" " tag="653">
      <marc:subfield code="a">Überlebenskampf</marc:subfield>
   </marc:datafield>
   <marc:datafield ind1=" " ind2=" " tag="653">
      <marc:subfield code="a">Trolle</marc:subfield>
   </marc:datafield>
   <marc:datafield ind1=" " ind2=" " tag="653">
      <marc:subfield code="a">Oger</marc:subfield>
   </marc:datafield>
   <marc:datafield ind1=" " ind2=" " tag="653">
      <marc:subfield code="a">Orks</marc:subfield>
   </marc:datafield>
   <marc:datafield ind1=" " ind2=" " tag="653">
      <marc:subfield code="a">Fantasy</marc:subfield>
   </marc:datafield>
   <marc:datafield ind1=" " ind2=" " tag="653">
      <marc:subfield code="a">Softcover / Belletristik/Comic</marc:subfield>
   </marc:datafield>
   <marc:datafield ind1=" " ind2=" " tag="653">
      <marc:subfield code="a">Cartoon</marc:subfield>
   </marc:datafield>
   <marc:datafield ind1=" " ind2=" " tag="653">
      <marc:subfield code="a">Humor</marc:subfield>
   </marc:datafield>
   <marc:datafield ind1=" " ind2=" " tag="653">
      <marc:subfield code="a">Satire/Comic</marc:subfield>
   </marc:datafield>
   <marc:datafield ind1="0" ind2="0" tag="245">
      <marc:subfield code="a">Die Zwerge</marc:subfield>
   </marc:datafield>
   <marc:datafield ind1="0" ind2="0" tag="245">
      <marc:subfield code="c">Text: Yann Krehl, Zeichnungen Che Rossié</marc:subfield>
   </marc:datafield>
   <marc:datafield ind1=" " ind2="1" tag="264">
      <marc:subfield code="a">Bielefeld</marc:subfield>
      <marc:subfield code="b">Splitter</marc:subfield>
      <marc:subfield code="c">2013</marc:subfield>
   </marc:datafield>
   <marc:datafield ind1=" " ind2=" " tag="250">
      <marc:subfield code="a">Orig.-Ausg., 1. Aufl.</marc:subfield>
   </marc:datafield>
   <marc:datafield ind1="1" ind2=" " tag="520">
      <marc:subfield code="a">Angaben aus der Verlagsmeldung

Die Zwerge : Band 1. Tungdil / von Che Rossié

Markus Heitz’ im Jahr 2003 veröffentlichter Roman »Die Zwerge« (dem bis 2008 noch drei weitere »Zwerge«-Werke folgten) zählt zu den erfolgreichsten deutschen Fantasy-Romanen und befand sich über Monate auf den Belletristik-Bestsellerlisten. Für Heitz selbst markierte die Veröffentlichung den endgültigen Durchbruch als Autor. Es folgten Hörbuch-Adaptionen und spektakulär inszenierte Lesungen, die einem aufwändigen Theaterstück glichen. Konzipiert als vierbändige Reihe (die nach Abschluss zudem um eine Gesamtausgabe im Graphic Novel-Format ergänzt werden soll) beginnt nun beim Splitter Verlag die nächste mediale Übersetzung des ersten Buchs: Der spektakuläre Überlebenskampf der Zwerge, deren Land von gleich drei gewaltigen Kräften bedroht wird – den Trollen, den Ogern und den Orks –, hält nun auch im Comic Einzug. In Zusammenarbeit mit Szenarist Yann Krehl (»Das Wolkenvolk«, »Frostfeuer«) wird Zeichner Che Rossié den Roman in vier Alben adaptieren. Ein atemberaubendes Comicdebut des bislang hauptsächlich im Rollenspiel-Segment tätigen Mönchengladbachers.
</marc:subfield>
   </marc:datafield>
   <marc:datafield ind1=" " ind2=" " tag="020">
      <marc:subfield code="a">9783868695410</marc:subfield>
      <marc:subfield code="9">9783868695410</marc:subfield>
   </marc:datafield>
   <marc:datafield ind1=" " ind2=" " tag="041">
      <marc:subfield code="a">ger</marc:subfield>
   </marc:datafield>
   <marc:datafield ind1=" " ind2=" " tag="300">
      <marc:subfield code="a">47 S.</marc:subfield>
   </marc:datafield>
</marc:record>
